| 000 | 00377nam a22001697a 4500 | ||
|---|---|---|---|
| 005 | 20260509105327.0 | ||
| 008 | 160530b xxu||||| |||| 00| 0 eng d | ||
| 020 | _a81-7660-047-4 | ||
| 041 | _aeng | ||
| 082 | _a659.1 | ||
| 100 |
_aKulkarni, M.V. _91477 |
||
| 245 | _aAdvertising Management | ||
| 260 |
_aPune _bEPH, |
||
| 300 | _a215 | ||
| 650 | _aManagement | ||
| 942 | _cBK | ||
| 999 |
_c2161 _d2160 |
||